| 000 | 00762nam a2200133Ia 4500 | ||
|---|---|---|---|
| 008 | 171212s9999 xx 000 0 und d | ||
| 020 | _a9780833041500 | ||
| 100 | _aHarrell, Margaret C.;Werber, Laura;Schirmer, Peter;Hallmark, Bryan W.;Kavanagh, Jennifer Erin;Margaret C. Harrell, | ||
| 245 |
_cHarrell, Margaret C.;Werber, Laura;Schirmer, Peter;Hallmark, Bryan W.;Kavanagh, Jennifer Erin;Margaret C. Harrell, _aAssessing the Assignment Policy for Army Women |
||
| 260 |
_bRAND Corporation _c2007 |
||
| 650 | _aManagement & Organizational Behavior | ||
| 650 | _aUnited States -- Armed Forces -- Women; Women in combat -- Government policy -- United States; Women soldiers -- Government policy -- United States | ||
| 856 | _uwww.jstor.org/stable/10.7249/mg590osd | ||
| 999 |
_c351758 _d351758 |
||